Mythe et langage. Remarques sur Le Rameau d’or, Ludwig Wittgenstein, with contributions by Ghislain Casas, Benjamin Gizard, and David Graeber, La Tempête, 2025, 160 pages, 13 euros (notice n° 1530343)
[ vue normale ]
| 000 -LEADER | |
|---|---|
| fixed length control field | 00596cam a2200145 4500500 |
| 005 - DATE AND TIME OF LATEST TRANSACTION | |
| control field | 20251012013837.0 |
| 041 ## - LANGUAGE CODE | |
| Language code of text/sound track or separate title | fre |
| 042 ## - AUTHENTICATION CODE | |
| Authentication code | dc |
| 100 10 - MAIN ENTRY--PERSONAL NAME | |
| Personal name | Traimond, Bernard |
| Relator term | author |
| 245 00 - TITLE STATEMENT | |
| Title | Mythe et langage. Remarques sur Le Rameau d’or, Ludwig Wittgenstein, with contributions by Ghislain Casas, Benjamin Gizard, and David Graeber, La Tempête, 2025, 160 pages, 13 euros |
| 260 ## - PUBLICATION, DISTRIBUTION, ETC. | |
| Date of publication, distribution, etc. | 2025.<br/> |
| 500 ## - GENERAL NOTE | |
| General note | 93 |
| 786 0# - DATA SOURCE ENTRY | |
| Note | Esprit | Septembre | 9 | 2025-09-02 | p. 142-144 | 0014-0759 |
| 856 41 - ELECTRONIC LOCATION AND ACCESS | |
| Uniform Resource Identifier | <a href="https://shs.cairn.info/journal-esprit-2025-9-page-142?lang=en&redirect-ssocas=7080">https://shs.cairn.info/journal-esprit-2025-9-page-142?lang=en&redirect-ssocas=7080</a> |
Pas d'exemplaire disponible.




Réseaux sociaux